| 000 | 00351nam a2200145Ia 4500 | ||
|---|---|---|---|
| 008 | 230312s9999||||xx |||||||||||||| ||und|| | ||
| 082 |
_a658.812 _bCRA |
||
| 100 | _aCravens, David W | ||
| 245 | 0 | _aStrategic Marketing | |
| 260 |
_bMc graw hill _aLondon _c2003 |
||
| 300 | _a842 | ||
| 546 | _aEng. | ||
| 650 |
_aManagement _vsegmenting market |
||
| 942 | _cBK | ||
| 999 |
_c234 _d234 |
||